Normal view
MARC view
- تاليف غوانمة، يوسف حسن درويش
Entry Personal Name
001 - CONTROL NUMBER
- control field: 20675
003 - CONTROL NUMBER IDENTIFIER
- control field: JO-AjAnu
005 - DATE AND TIME OF LATEST TRANSACTION
- control field: 20230606073607.0
008 - FIXED-LENGTH DATA ELEMENTS
- fixed length control field: 230606|| aca||aabn | a|a d
040 ## - CATALOGING SOURCE
- Original cataloging agency: JO-AjAnu
- Transcribing agency: JO-AjAnu
100 ## - HEADING--PERSONAL NAME
- Personal name: تاليف غوانمة، يوسف حسن درويش
670 ## - SOURCE DATA FOUND
- Source citation: Work cat.: (JO-AjAnu)10618: تاليف غوانمة، يوسف حسن درويش, author, أيلة(العقبة) والبحر الأحمر واهميتهما التاريخية والاستراتيجية